| 000 | 00690nam a22002417a 4500 | ||
|---|---|---|---|
| 005 | 20260410120204.0 | ||
| 008 | 260410b |||||||| |||| 00| 0 eng d | ||
| 020 | _a9789354660658 | ||
| 040 | _cAL | ||
| 041 | _aEnglish | ||
| 082 |
_a004.16 _bKANM |
||
| 100 |
_aA Nagoor Kani _9261366 |
||
| 245 | _aMicroprocessors and Microcontrollers | ||
| 250 | _a2 | ||
| 260 |
_aNew Delhi _bCBS Publishers and distributors Pvt Ltd _c2025 |
||
| 300 |
_bPB _c24x17 cm. _a580 p. |
||
| 365 |
_aVBI-2645 _b₹446.25 _c₹ _d₹595.00 _e25% _f20-02-2026 |
||
| 650 |
_aFor Anna University _9261359 |
||
| 650 |
_aECE _9261360 |
||
| 650 |
_aCSE _9261361 |
||
| 650 |
_aIT Courses _9261362 |
||
| 942 |
_2ddc _cBK |
||
| 999 |
_c241218 _d241218 |
||